[Event "ISL-chT1 1920"]
[Site "Reykjavik"]
[Date "2021.05.15"]
[Round "7.3"]
[White "Ulfarsson, Magnus Orn"]
[Black "Gunnarsson, Arnar"]
[Result "1/2-1/2"]
[WhiteElo "2357"]
[BlackElo "2420"]
[PlyCount "141"]
[EventDate "2019.10.03"]
[EventType "team-tourn"]
[EventRounds "9"]
[EventCountry "ISL"]
[SourceTitle "EXT 2022"]
[Source "ChessBase"]
[SourceDate "2021.10.06"]
[SourceVersion "1"]
[SourceVersionDate "2021.10.06"]
[SourceQuality "1"]
[WhiteTeam "Skakfelagidj Huginn"]
[BlackTeam "Skakfelag Selfoss"]
[WhiteTeamCountry "ISL"]
[BlackTeamCountry "ISL"]

1. e4 e5 2. Nf3 Nc6 3. Bb5 a6 4. Ba4 Nf6 5. 0-0 Be7 6. Re1 b5 7. Bb3 0-0 8. c3 d6 9. h3 Na5 10. Bc2 c5 11. d4 Qc7 12. Nbd2 cxd4 13. cxd4 Nc6 14. a3 exd4 15. Nb3 d3 16. Bxd3 Ne5 17. Bb1 Rd8 18. Nbd4 Ng6 19. Bg5 h6 20. Bd2 Bb7 21. a4 bxa4 22. Qxa4 Re8 23. Nf5 Bf8 24. Bc3 Ne5 25. N3d4 d5 26. exd5 Bxd5 27. Ne3 Bb7 28. Bf5 Ne4 29. Ne6 Rxe6 30. Bxe4 Bxe4 31. Qxe4 Rae8 32. Nd5 Qb8 33. Nf4 R6e7 34. Qd5 Qb5 35. Qxb5 axb5 36. Nd5 Rd7 37. Rad1 Red8 38. Rxe5 b4 39. Be1 f6 40. Nxf6+ gxf6 41. Rxd7 Rxd7 42. Re3 Kf7 43. Kf1 Bc5 44. Re4 Rd1 45. Rc4 Bd6 46. Ke2 Rb1 47. Bxb4 Rxb2+ 48. Bd2 h5 49. Kd3 Kg6 50. Rc6 Be7 51. g4 Rb3+ 52. Bc3 hxg4 53. hxg4 Kg5 54. Kc2 Rb5 55. f3 Rc5 56. Re6 Bd8 57. Kd3 f5 58. Bd2+ Kh4 59. gxf5 Rd5+ 60. Ke2 Rxf5 61. Rg6 Bg5 62. Be1+ Kh5 63. Rg8 Re5+ 64. Kf1 Re6 65. Bg3 Rg6 66. Rc8 Bf6 67. Bb8 Rg7 68. Ke2 Kg6 69. Ke3 Rd7 70. Kf4 Rd8 71. Rxd8 1/2-1/2

[Event "ISL-ch Blitz"]
[Site "Tornelo INT"]
[Date "2020.12.12"]
[Round "14"]
[White "Ulfarsson, Magnus Orn"]
[Black "Gunnarsson, Arnar"]
[Result "1-0"]
[WhiteElo "2357"]
[BlackElo "2420"]
[PlyCount "103"]
[EventDate "2020.12.12"]
[EventType "tourn (blitz)"]
[EventRounds "15"]
[EventCountry "ISL"]
[EventCategory "5"]
[SourceTitle "CBM 199 Extra"]
[Source "ChessBase"]
[SourceDate "2021.01.31"]
[SourceVersion "1"]
[SourceVersionDate "2021.01.31"]
[SourceQuality "1"]

1. e4 e5 2. Nf3 d5 3. Nxe5 Bd6 4. d4 dxe4 5. Nc4 Be7 6. Nc3 Nf6 7. Be2 Nc6 8. Be3 Nb4 9. Qd2 Nbd5 10. 0-0 0-0 11. h3 h6 12. Rad1 Bf5 13. Bf4 Nxf4 14. Qxf4 Bh7 15. Rfe1 a6 16. Bf1 b5 17. Ne5 Bd6 18. Qe3 Qe8 19. Ng4 Nd7 20. Ne5 Nxe5 21. dxe5 Qxe5 22. g3 Rae8 23. Rd5 Qe6 24. Bg2 f5 25. a3 f4 26. gxf4 Bxf4 27. Qd4 Be5 28. Qc5 Bd6 29. Qd4 Rf4 30. Ne2 Rf5 31. Rxf5 Bxf5 32. Ng3 Bxg3 33. fxg3 Qe5 34. Qe3 Bg6 35. c3 Rd8 36. g4 Re8 37. Rd1 Kh8 38. Rd4 Re6 39. Rd8+ Kh7 40. Rd7 Rd6 41. Rxd6 cxd6 42. Kf2 Kg8 43. h4 Qf6+ 44. Kg3 Kf7 45. h5 Qe5+ 46. Qf4+ Qxf4+ 47. Kxf4 Bh7 48. Bxe4 Bxe4 49. Kxe4 Ke6 50. b3 a5 51. Kd4 Kd7 52. Kd5 1-0

[Event "ISL-ch Blitz"]
[Site "Tornelo INT"]
[Date "2020.12.12"]
[Round "4"]
[White "Ulfarsson, Magnus Orn"]
[Black "Hjartarson, Johann"]
[Result "0-1"]
[WhiteElo "2357"]
[BlackElo "2525"]
[PlyCount "56"]
[EventDate "2020.12.12"]
[EventType "tourn (blitz)"]
[EventRounds "15"]
[EventCountry "ISL"]
[EventCategory "5"]
[SourceTitle "CBM 199 Extra"]
[Source "ChessBase"]
[SourceDate "2021.01.31"]
[SourceVersion "1"]
[SourceVersionDate "2021.01.31"]
[SourceQuality "1"]

1. e4 g6 2. d4 Bg7 3. Nc3 d6 4. Be3 a6 5. Bd3 b5 6. Nf3 Nd7 7. 0-0 Bb7 8. a4 b4 9. Ne2 Ngf6 10. Ng3 c5 11. c3 0-0 12. h3 a5 13. Re1 Qc7 14. Qd2 Rfe8 15. Bh6 Bh8 16. e5 bxc3 17. bxc3 Nd5 18. e6 fxe6 19. Ng5 cxd4 20. c4 Nc3 21. Nxe6 Qc6 22. f3 Ne5 23. Be4 Nxe4 24. Nxe4 Qxc4 25. N4g5 Qc3 26. Qf4 Bd5 27. Rxe5 Qxa1+ 28. Kh2 Bxe5 0-1

[Event "ISL-chT1 1920"]
[Site "Reykjavik"]
[Date "2019.10.03"]
[Round "1.2"]
[White "Briem, Stephan"]
[Black "Ulfarsson, Magnus Orn"]
[Result "1-0"]
[WhiteElo "2199"]
[BlackElo "2364"]
[PlyCount "65"]
[EventDate "2019.10.03"]
[EventType "team-tourn"]
[EventRounds "9"]
[EventCountry "ISL"]
[SourceTitle "CBM 195 Extra"]
[Source "ChessBase"]
[SourceDate "2020.05.31"]
[SourceVersion "1"]
[SourceVersionDate "2020.05.31"]
[SourceQuality "1"]
[WhiteTeam "Breidjablik Bolungarvik"]
[BlackTeam "Skakfelagidj Huginn"]
[WhiteTeamCountry "ISL"]
[BlackTeamCountry "ISL"]

1. d4 Nf6 2. c4 e6 3. Nc3 Bb4 4. e3 0-0 5. Nge2 d5 6. a3 Bd6 7. Ng3 c6 8. Bd3 Nbd7 9. c5 Bc7 10. f4 b6 11. b4 a5 12. Rb1 axb4 13. axb4 bxc5 14. bxc5 Ba5 15. Bd2 Ba6 16. Bxa6 Rxa6 17. 0-0 Bxc3 18. Bxc3 Ra3 19. Rb3 Rxb3 20. Qxb3 Ng4 21. Be1 Qa8 22. e4 dxe4 23. Nxe4 Ngf6 24. Nd6 Rb8 25. Qd3 Qa2 26. Bh4 Rb2 27. Qf3 Nd5 28. f5 e5 29. f6 Ne3 30. Bf2 Nxf1 31. Qg4 g6 32. Qxd7 Rb8 33. Nc8 1-0

[Event "ISL-chT1 1819"]
[Site "Reykjavik"]
[Date "2018.11.10"]
[Round "4.5"]
[White "Hardarson, Jon Trausti"]
[Black "Ulfarsson, Magnus Orn"]
[Result "1/2-1/2"]
[WhiteElo "2127"]
[BlackElo "2361"]
[PlyCount "116"]
[EventDate "2018.11.08"]
[EventType "team-tourn"]
[EventRounds "9"]
[EventCountry "ISL"]
[SourceTitle "CBM 187 Extra"]
[Source "ChessBase"]
[SourceDate "2018.11.04"]
[SourceVersion "1"]
[SourceVersionDate "2018.11.04"]
[SourceQuality "1"]
[WhiteTeam "Skakdeild Fjolnis"]
[BlackTeam "Skakfelagidj Huginn"]
[WhiteTeamCountry "ISL"]
[BlackTeamCountry "ISL"]

1. e4 c5 2. Nf3 d6 3. d4 cxd4 4. Nxd4 Nf6 5. Nc3 Nc6 6. Be3 Ng4 7. Bc1 Qb6 8. Bb5 Bd7 9. 0-0 Nf6 10. Be3 Qc7 11. a4 e6 12. f4 Be7 13. Qf3 0-0 14. Rad1 a6 15. Bd3 Nxd4 16. Bxd4 Bc6 17. Qh3 e5 18. Be3 b5 19. axb5 axb5 20. fxe5 dxe5 21. Nd5 Bxd5 22. exd5 e4 23. Bxb5 Qxc2 24. d6 Bd8 25. Bd4 Rb8 26. Rc1 Qd2 27. Rfd1 Qb4 28. Bc6 Bb6 29. Qc3 Bxd4+ 30. Rxd4 Qxb2 31. Qxb2 Rxb2 32. d7 Rd8 33. Bxe4 Kf8 34. Bf5 Re2 35. Kf1 Re5 36. Bh3 Ke7 37. Rc8 Rd5 38. Rxd5 Nxd5 39. Rc5 Nf4 40. Bg4 Ne6 41. Rd5 Rxd7 42. Rxd7+ Kxd7 43. Kf2 Kd6 44. Ke3 Ke5 45. g3 f5 46. Bd1 g5 47. Kf2 Nc5 48. Bc2 Ne4+ 49. Ke3 h6 50. Bd3 f4+ 51. Kf3 Nf6 52. h3 fxg3 53. Kxg3 Nh5+ 54. Kg4 Nf6+ 55. Kg3 h5 56. Bg6 Ne4+ 57. Kf3 Nf6 58. Bxh5 Nxh5 1/2-1/2

[Event "ISL-chT1 1819"]
[Site "Reykjavik"]
[Date "2018.11.08"]
[Round "1.3"]
[White "Petersson, Baldur Teodor"]
[Black "Ulfarsson, Magnus Orn"]
[Result "1/2-1/2"]
[WhiteElo "2181"]
[BlackElo "2361"]
[PlyCount "37"]
[EventDate "2018.11.08"]
[EventType "team-tourn"]
[EventRounds "9"]
[EventCountry "ISL"]
[SourceTitle "CBM 187 Extra"]
[Source "ChessBase"]
[SourceDate "2018.11.04"]
[SourceVersion "1"]
[SourceVersionDate "2018.11.04"]
[SourceQuality "1"]
[WhiteTeam "Taflfelag Gardjabaejar"]
[BlackTeam "Skakfelagidj Huginn"]
[WhiteTeamCountry "ISL"]
[BlackTeamCountry "ISL"]

1. e4 c5 2. Nf3 d6 3. d3 Nc6 4. g3 g6 5. Bg2 Bg7 6. 0-0 e6 7. c3 Nge7 8. Re1 0-0 9. d4 cxd4 10. cxd4 d5 11. e5 Qb6 12. Nc3 Nf5 13. Na4 Qc7 14. g4 Nfe7 15. Bf4 Bd7 16. Rc1 Rfc8 17. b4 Qd8 18. Qb3 b6 19. Bf1 1/2-1/2

[Event "ISL-chT 1718"]
[Site "Reykjavik"]
[Date "2017.10.21"]
[Round "4.3"]
[White "Ulfarsson, Magnus Orn"]
[Black "Crevatin, Leo"]
[Result "1-0"]
[WhiteElo "2375"]
[BlackElo "2073"]
[PlyCount "75"]
[EventDate "2017.10.19"]
[EventType "team-tourn"]
[EventRounds "9"]
[EventCountry "ISL"]
[SourceTitle "CBM 181 Extra"]
[Source "ChessBase"]
[SourceDate "2017.12.12"]
[SourceVersion "1"]
[SourceVersionDate "2017.12.12"]
[SourceQuality "1"]
[WhiteTeam "Huginn"]
[BlackTeam "Gardabaer"]
[WhiteTeamCountry "ISL"]
[BlackTeamCountry "ISL"]

1. e4 c5 2. Nf3 Nc6 3. Bb5 d6 4. d4 cxd4 5. Qxd4 Bd7 6. Bxc6 Bxc6 7. Nc3 Nf6 8. Bg5 h6 9. Bxf6 gxf6 10. 0-0-0 Qb6 11. Nd5 Qxd4 12. Nxd4 Kd7 13. Rd3 h5 14. Rb3 Bh6+ 15. Kb1 Rab8 16. Nf5 Bxd5 17. exd5 e6 18. Nd4 f5 19. Re1 Rhe8 20. Rh3 Bg7 21. Nf3 exd5 22. Rxh5 Rxe1+ 23. Nxe1 Ke6 24. Nd3 Rh8 25. Rxh8 Bxh8 26. Kc1 Be5 27. f4 Bd4 28. Kd2 Bg1 29. h3 d4 30. Ke2 Kd5 31. Kf3 a5 32. Nf2 Bxf2 33. Kxf2 Ke4 34. g3 d3 35. cxd3+ Kxd3 36. h4 Kc2 37. h5 d5 38. Ke3 1-0

[Event "ISL-chT 1617"]
[Site "Reykjavik"]
[Date "2017.03.04"]
[Round "8.1"]
[White "Ulfarsson, Magnus Orn"]
[Black "Baldursson, Hrannar"]
[Result "0-1"]
[WhiteElo "2380"]
[BlackElo "2167"]
[PlyCount "76"]
[EventDate "2016.09.29"]
[EventType "team-tourn"]
[EventRounds "9"]
[EventCountry "ISL"]
[SourceTitle "EXT 2018"]
[Source "ChessBase"]
[SourceDate "2017.10.13"]
[SourceVersion "1"]
[SourceVersionDate "2017.10.13"]
[SourceQuality "1"]
[WhiteTeam "Huginn"]
[BlackTeam "KR CC"]
[WhiteTeamCountry "ISL"]
[BlackTeamCountry "ISL"]

1. e4 d6 2. d4 Nf6 3. Nc3 c6 4. f4 Qa5 5. Bd3 Na6 6. Nf3 Nb4 7. 0-0 Nxd3 8. Qxd3 g6 9. e5 Bf5 10. Qe2 dxe5 11. fxe5 Nd5 12. Ne4 Bg7 13. c4 Bxe4 14. Qxe4 Nc7 15. Bd2 Qa6 16. b3 Rd8 17. Rf2 0-0 18. Be3 f5 19. Qh4 Qa3 20. Ng5 h6 21. Nf3 Kh7 22. Qg3 e6 23. Qh4 Rd7 24. Raf1 Rh8 25. g4 Kg8 26. gxf5 exf5 27. Rg2 g5 28. Qh5 Qe7 29. h4 f4 30. Bf2 Qe6 31. hxg5 hxg5 32. Qxg5 Qh3 33. Bh4 Ne6 34. Qg6 Kf8 35. Rg4 Rh6 36. Qf5+ Rf7 37. Ng5 Qxf1+ 38. Kxf1 Rxf5 0-1

[Event "ISL-chT 1617"]
[Site "Reykjavik"]
[Date "2017.03.02"]
[Round "6.1"]
[White "Sigurjonsson, Siguringi"]
[Black "Ulfarsson, Magnus Orn"]
[Result "0-1"]
[WhiteElo "2000"]
[BlackElo "2380"]
[PlyCount "73"]
[EventDate "2016.09.29"]
[EventType "team-tourn"]
[EventRounds "9"]
[EventCountry "ISL"]
[SourceTitle "EXT 2018"]
[Source "ChessBase"]
[SourceDate "2017.10.13"]
[SourceVersion "1"]
[SourceVersionDate "2017.10.13"]
[SourceQuality "1"]
[WhiteTeam "Reykjanesbaejar"]
[BlackTeam "Huginn"]
[WhiteTeamCountry "ISL"]
[BlackTeamCountry "ISL"]

1. Nf3 c5 2. c4 b6 3. g3 Bb7 4. Bg2 Nf6 5. Nc3 e6 6. b3 Be7 7. 0-0 d6 8. Bb2 Nbd7 9. e3 0-0 10. d4 cxd4 11. Nxd4 Bxg2 12. Kxg2 Qc7 13. Rc1 a6 14. Qe2 Rac8 15. Rfd1 Qb7+ 16. e4 Rfd8 17. Ba3 Bf8 18. Kg1 Nc5 19. f3 Rc7 20. b4 Ncd7 21. b5 Nb8 22. bxa6 Nxa6 23. Ndb5 Rcd7 24. Rd2 Nc5 25. Rcd1 h6 26. Kf2 Qc6 27. Nd4 Qa8 28. Ndb5 Nb7 29. Qe3 Na5 30. Qe2 Qc6 31. Bb4 Nxc4 32. Rd4 Na5 33. Qd2 d5 34. Bxf8 Kxf8 35. e5 Ne8 36. a4 Qc5 37. Rc1 0-1

[Event "ISL-chT 1516"]
[Site "Reykjavik"]
[Date "2015.09.26"]
[Round "4.2"]
[White "Gudmundsson, Kjartan"]
[Black "Ulfarsson, Magnus Orn"]
[Result "1/2-1/2"]
[WhiteElo "1985"]
[BlackElo "2385"]
[PlyCount "82"]
[EventDate "2015.09.24"]
[EventType "team-tourn"]
[EventRounds "9"]
[EventCountry "ISL"]
[SourceTitle "EXT 2017"]
[Source "ChessBase"]
[SourceDate "2016.10.25"]
[SourceVersion "1"]
[SourceVersionDate "2016.10.25"]
[SourceQuality "1"]
[WhiteTeam "The Viking"]
[BlackTeam "Huginn"]
[WhiteTeamCountry "ISL"]
[BlackTeamCountry "ISL"]

1. e4 c5 2. Nc3 Nc6 3. d3 g6 4. g3 Bg7 5. Bg2 d6 6. f4 e6 7. Nf3 Nge7 8. 0-0 0-0 9. a4 a6 10. Ne2 Nd4 11. c3 Nxf3+ 12. Bxf3 Bd7 13. Be3 Qc7 14. d4 cxd4 15. Bxd4 f6 16. Qb3 Kh8 17. Bb6 Qb8 18. Rad1 Qe8 19. Rxd6 Nc8 20. Rd2 Bxa4 21. Qb4 Rg8 22. Be3 Qb5 23. Qxb5 Bxb5 24. Rfd1 e5 25. b3 Ne7 26. c4 Bc6 27. fxe5 fxe5 28. Nc3 Nf5 29. Bb6 Nd4 30. Bxd4 exd4 31. Ne2 Rgf8 32. Bg2 Rae8 33. Nxd4 Bxe4 34. Bxe4 Rxe4 35. Nc2 Kg8 36. Rd7 Rf7 37. Rxf7 Kxf7 38. Rd7+ Re7 39. Rxe7+ Kxe7 40. Kf2 Ke6 41. Ke3 Ke5 1/2-1/2

[Event "ISL-chT 1415"]
[Site "Reykjavik"]
[Date "2015.03.21"]
[Round "9.3"]
[White "Sigurjonsson, Gudmundur1111"]
[Black "Ulfarsson, Magnus Orn"]
[Result "0-1"]
[WhiteElo "2463"]
[BlackElo "2380"]
[PlyCount "64"]
[EventDate "2014.10.02"]
[EventType "team-tourn"]
[EventRounds "9"]
[EventCountry "ISL"]
[SourceTitle "EXT 2016"]
[Source "ChessBase"]
[SourceDate "2015.10.08"]
[SourceVersion "1"]
[SourceVersionDate "2015.10.08"]
[SourceQuality "1"]
[WhiteTeam "Reykjanesbaejar"]
[BlackTeam "Huginn"]
[WhiteTeamCountry "ISL"]
[BlackTeamCountry "ISL"]

1. d4 Nf6 2. Bf4 e6 3. e3 b6 4. Nd2 Bb7 5. Ngf3 Be7 6. Rc1 c5 7. c3 0-0 8. Bd3 cxd4 9. cxd4 d6 10. e4 Nbd7 11. h4 e5 12. Be3 exd4 13. Bxd4 Nc5 14. Bxc5 dxc5 15. Qe2 Nh5 16. g3 g6 17. 0-0 Qd7 18. Kh2 Rad8 19. Ne5 Qd4 20. Ndf3 Qd6 21. Rcd1 Qc7 22. Bc4 Kg7 23. Rxd8 Bxd8 24. Rd1 Bc8 25. Qd2 Bf6 26. Qd6 Qxd6 27. Rxd6 Re8 28. Nxf7 Rxe4 29. Bd3 Re6 30. Rxe6 Bxe6 31. N7e5 Bxa2 32. Nc4 Bxc4 0-1

[Event "ISL-chT 1314"]
[Site "Reykjavik"]
[Date "2014.02.28"]
[Round "7.4"]
[White "Ulfarsson, Magnus Orn"]
[Black "Bjornsson, Tomas"]
[Result "1-0"]
[WhiteElo "2389"]
[BlackElo "2143"]
[PlyCount "69"]
[EventDate "2013.10.10"]
[EventType "team-tourn"]
[EventRounds "9"]
[EventCountry "ISL"]
[SourceTitle "EXT 2015"]
[Source "ChessBase"]
[SourceDate "2014.11.20"]
[SourceVersion "1"]
[SourceVersionDate "2014.11.20"]
[SourceQuality "1"]
[WhiteTeam "Vikingaklubburinn"]
[BlackTeam "Hellir II"]
[WhiteTeamCountry "ISL"]
[BlackTeamCountry "ISL"]

1. e4 e5 2. Nf3 Nc6 3. Bb5 a6 4. Ba4 Nf6 5. 0-0 Be7 6. Re1 b5 7. Bb3 0-0 8. c3 d6 9. h3 Be6 10. Bc2 h6 11. d4 exd4 12. Nxd4 Nxd4 13. cxd4 c5 14. d5 Bc8 15. Nd2 Nd7 16. a4 bxa4 17. Rxa4 Bf6 18. Nf1 Re8 19. Qh5 Re5 20. Qf3 Nb6 21. Ra1 Bg5 22. Ne3 a5 23. Bd2 a4 24. Bc3 Re8 25. Nf5 Bxf5 26. Qxf5 Qc8 27. Qf3 Qd7 28. Qg3 Qd8 29. f4 Bf6 30. e5 dxe5 31. fxe5 Bh4 32. Qd3 Bxe1 33. Qh7+ Kf8 34. d6 f6 35. Bg6 1-0

[Event "ISL-chT 1314"]
[Site "Reykjavik"]
[Date "2013.10.13"]
[Round "5.3"]
[White "Karlsson, Bjorn Ivar"]
[Black "Ulfarsson, Magnus Orn"]
[Result "1-0"]
[WhiteElo "2269"]
[BlackElo "2389"]
[PlyCount "65"]
[EventDate "2013.10.10"]
[EventType "team-tourn"]
[EventRounds "9"]
[EventCountry "ISL"]
[SourceTitle "EXT 2014"]
[Source "ChessBase"]
[SourceDate "2013.11.20"]
[SourceVersion "1"]
[SourceVersionDate "2013.11.20"]
[SourceQuality "1"]
[WhiteTeam "Vestmannaeyja"]
[BlackTeam "Vikingaklubburinn"]
[WhiteTeamCountry "ISL"]
[BlackTeamCountry "ISL"]

1. e4 c5 2. c3 Nf6 3. e5 Nd5 4. d4 cxd4 5. Nf3 Nc6 6. cxd4 d6 7. Bc4 Nb6 8. Bb3 g6 9. Qe2 Bg7 10. 0-0 0-0 11. h3 Bf5 12. Rd1 Qc7 13. Bf4 Na5 14. Nc3 Nxb3 15. axb3 dxe5 16. dxe5 Be6 17. Nd4 Nd5 18. Nxd5 Bxd5 19. Nb5 Qd7 20. Nc3 e6 21. Qd2 Rfd8 22. Bg5 Re8 23. Bf6 Qc6 24. Bxg7 Kxg7 25. Qg5 h6 26. Qf6+ Kg8 27. Rac1 Qd7 28. Qf4 Kg7 29. Ne4 Rec8 30. Nf6 Qd8 31. Rc3 Rc6 32. Rg3 Rac8 33. Nh5+ 1-0

[Event "ISL-chT 1314"]
[Site "Reykjavik"]
[Date "2013.10.11"]
[Round "2.5"]
[White "Ulfarsson, Magnus Orn"]
[Black "Bergsson, Snorri"]
[Result "1-0"]
[WhiteElo "2389"]
[BlackElo "2302"]
[PlyCount "52"]
[EventDate "2013.10.10"]
[EventType "team-tourn"]
[EventRounds "9"]
[EventCountry "ISL"]
[SourceTitle "EXT 2014"]
[Source "ChessBase"]
[SourceDate "2013.11.20"]
[SourceVersion "1"]
[SourceVersionDate "2013.11.20"]
[SourceQuality "1"]
[WhiteTeam "Vikingaklubburinn"]
[BlackTeam "Reykjavik"]
[WhiteTeamCountry "ISL"]
[BlackTeamCountry "ISL"]

1. e4 c5 2. Nf3 e6 3. d4 cxd4 4. Nxd4 Nc6 5. Nc3 Qc7 6. Be3 a6 7. Qd2 Nf6 8. 0-0-0 Bb4 9. f3 Ne5 10. Nb3 b5 11. Bd4 Be7 12. Qf2 Nc4 13. g4 0-0 14. Qg3 Bd6 15. Qh4 h6 16. Kb1 Ne5 17. Qf2 Ng6 18. h4 Bg3 19. Qg1 Bxh4 20. e5 Ne8 21. f4 Bb7 22. f5 b4 23. fxg6 Bxh1 24. Qxh1 Rc8 25. Qxh4 fxg6 26. Bd3 bxc3 1-0

[Event "ISL-chT 1213"]
[Site "Reykjavik"]
[Date "2013.03.02"]
[Round "6.8"]
[White "Karlsson, Bjorn Ivar"]
[Black "Ulfarsson, Magnus Orn"]
[Result "0-1"]
[WhiteElo "2274"]
[BlackElo "2386"]
[PlyCount "126"]
[EventDate "2012.10.05"]
[EventType "team-tourn"]
[EventRounds "7"]
[EventCountry "ISL"]
[SourceTitle "EXT 2014"]
[Source "ChessBase"]
[SourceDate "2013.11.20"]
[SourceVersion "1"]
[SourceVersionDate "2013.11.20"]
[SourceQuality "1"]
[WhiteTeam "Taflfelag Vestmannaeyja"]
[BlackTeam "Vikingaklubburinn"]
[WhiteTeamCountry "ISL"]
[BlackTeamCountry "ISL"]

1. e4 c5 2. c3 d5 3. exd5 Qxd5 4. d4 Nf6 5. Nf3 e6 6. Bd3 cxd4 7. cxd4 Nc6 8. Nc3 Qd6 9. 0-0 Be7 10. Bg5 0-0 11. Qe2 Nb4 12. Bc4 b6 13. a3 Nc6 14. Rad1 Nd5 15. Nb5 Qd8 16. Bxd5 exd5 17. Bxe7 Nxe7 18. Rfe1 Ng6 19. Qe3 Be6 20. Ne5 a6 21. Nc3 Qf6 22. Nxg6 hxg6 23. Qe5 Rfd8 24. Qxf6 gxf6 25. Na4 Rab8 26. Rc1 Rdc8 27. b3 Kf8 28. Kf1 Bd7 29. Rxc8+ Bxc8 30. Rc1 Bd7 31. Nc3 Bc6 32. Ke1 Ke7 33. Kd2 Kd6 34. h4 Rh8 35. g3 Bd7 36. f3 Bf5 37. Rh1 Bd7 38. Ke3 Rc8 39. Kd2 Rh8 40. g4 f5 41. g5 Bc6 42. Ne2 Bb5 43. Nf4 a5 44. h5 gxh5 45. Rxh5 Rxh5 46. Nxh5 a4 47. bxa4 Bxa4 48. Ng7 Bd7 49. Ke3 Kc6 50. Kf4 Kb5 51. Ke5 Kc4 52. Kd6 Bc8 53. Kc7 Kxd4 54. Kxc8 Ke5 55. Nh5 d4 56. Ng3 d3 57. Nf1 Kf4 58. Kd7 Kxf3 59. Nd2+ Ke2 60. Nb3 d2 61. Nxd2 Kxd2 62. Ke7 f4 63. Kxf7 f3 0-1

[Event "ISL-chT 1213"]
[Site "Reykjavik"]
[Date "2013.03.01"]
[Round "5.8"]
[White "Arnason, Throstur"]
[Black "Ulfarsson, Magnus Orn"]
[Result "1/2-1/2"]
[WhiteElo "2268"]
[BlackElo "2386"]
[PlyCount "124"]
[EventDate "2012.10.05"]
[EventType "team-tourn"]
[EventRounds "7"]
[EventCountry "ISL"]
[SourceTitle "EXT 2014"]
[Source "ChessBase"]
[SourceDate "2013.11.20"]
[SourceVersion "1"]
[SourceVersionDate "2013.11.20"]
[SourceQuality "1"]
[WhiteTeam "Godinn Matar"]
[BlackTeam "Vikingaklubburinn"]
[WhiteTeamCountry "ISL"]
[BlackTeamCountry "ISL"]

1. d4 Nf6 2. Nf3 e6 3. g3 d5 4. Bg2 Be7 5. c4 dxc4 6. Qc2 a6 7. a4 a5 8. Qxc4 Nc6 9. 0-0 0-0 10. Na3 Nb4 11. Bg5 b6 12. Ne5 Ba6 13. Nb5 Rc8 14. Nc6 Nxc6 15. Bxc6 Nd5 16. Bxe7 Qxe7 17. Rac1 Nb4 18. Rfd1 Nxc6 19. Qxc6 Qb4 20. Na7 Ra8 21. Qxc7 Bxe2 22. Nc6 Qxb2 23. Rc2 Qb3 24. Re1 Bh5 25. Rc3 Qxa4 26. Qxb6 Kh8 27. Qb2 Bd1 28. Qc1 Bb3 29. Qb2 Bc4 30. Ne5 Bd5 31. Rc7 Qb4 32. Qxb4 axb4 33. Nxf7+ Kg8 34. Ne5 b3 35. Rcc1 Ra2 36. Nd3 Rb8 37. Rb1 Ra4 38. Nc5 Rxd4 39. Nxe6 Rd2 40. Nc5 b2 41. Na4 Ba2 42. Rxb2 Rdxb2 43. Nxb2 Rxb2 44. Rd1 Rb1 45. Rxb1 Bxb1 46. f3 Kf7 47. Kf2 Ke6 48. Ke3 Ke5 49. h3 h5 50. h4 Bf5 51. Ke2 Kd4 52. Kf2 Kd3 53. g4 hxg4 54. Kg3 Ke3 55. fxg4 Bg6 56. h5 Bh7 57. g5 Ke4 58. Kg4 Ke5 59. g6 Bxg6 60. hxg6 Kf6 61. Kf4 Kxg6 62. Kg4 Kf6 1/2-1/2

[Event "ISL-chT 1213"]
[Site "Reykjavik"]
[Date "2012.10.06"]
[Round "3.2"]
[White "Berg, Roy"]
[Black "Ulfarsson, Magnus Orn"]
[Result "0-1"]
[WhiteElo "2131"]
[BlackElo "2388"]
[PlyCount "66"]
[EventDate "2012.10.05"]
[EventType "team-tourn"]
[EventRounds "7"]
[EventCountry "ISL"]
[SourceTitle "EXT 2013"]
[Source "ChessBase"]
[SourceDate "2012.11.22"]
[SourceVersion "1"]
[SourceVersionDate "2012.11.22"]
[SourceQuality "1"]
[WhiteTeam "Hellir"]
[BlackTeam "Vikingaklubburinn"]
[WhiteTeamCountry "ISL"]
[BlackTeamCountry "ISL"]

1. d4 Nf6 2. c4 e6 3. Nc3 Bb4 4. e3 0-0 5. Bd3 d5 6. Nf3 b6 7. 0-0 Bb7 8. a3 Bxc3 9. bxc3 Nbd7 10. cxd5 exd5 11. a4 c5 12. Qe2 Re8 13. Nd2 Nf8 14. Ba6 Bxa6 15. Qxa6 Qc7 16. Qd3 Ng6 17. Bb2 Ng4 18. g3 Rac8 19. Rac1 Qd7 20. a5 c4 21. Qc2 bxa5 22. Ba3 f5 23. Bc5 Rc6 24. Qa4 a6 25. Rb1 f4 26. Rb6 Rec8 27. exf4 Nxf4 28. gxf4 Nxh2 29. Rxc6 Rxc6 30. Qxc6 Qxc6 31. Kxh2 Qh6+ 32. Kg3 Qg6+ 33. Kh2 Qd3 0-1

[Event "ISL-chT 0910"]
[Site "Reykjavik"]
[Date "2009.09.26"]
[Round "3"]
[White "Ulfarsson, Magnus Orn"]
[Black "Tairi, Faruk"]
[Result "1-0"]
[WhiteElo "2380"]
[BlackElo "2298"]
[PlyCount "65"]
[EventDate "2009.09.25"]
[EventType "team-tourn"]
[EventRounds "7"]
[EventCountry "ISL"]
[SourceTitle "CBM 132 Extra"]
[Source "ChessBase"]
[SourceDate "2009.11.03"]
[SourceVersion "1"]
[SourceVersionDate "2009.11.03"]
[SourceQuality "1"]

1. e4 c5 2. Nf3 d6 3. d4 cxd4 4. Qxd4 Nc6 5. Bb5 Bd7 6. Bxc6 Bxc6 7. Nc3 Nf6 8. Bg5 e6 9. 0-0-0 Be7 10. Qd3 Qa5 11. h4 0-0 12. Nd4 Rfc8 13. f4 Rab8 14. g4 Be8 15. Bxf6 Bxf6 16. g5 Bxd4 17. Qxd4 b5 18. Kb1 b4 19. Ne2 Rb6 20. h5 Ra6 21. Nc1 e5 22. Qe3 Qc7 23. Rh2 Rc6 24. Rdd2 a5 25. f5 Rc4 26. g6 Bc6 27. h6 fxg6 28. fxg6 Bxe4 29. gxh7+ Kh8 30. Qg5 g6 31. Nd3 Rxc2 32. Rxc2 Bxd3 33. Ka1 1-0

[Event "ISL-ch"]
[Site "Reykjavik"]
[Date "2008.09.05"]
[Round "10"]
[White "Ulfarsson, Magnus Orn"]
[Black "Kristjansson, Stefan"]
[Result "1-0"]
[WhiteElo "2403"]
[BlackElo "2477"]
[PlyCount "59"]
[EventDate "2008.08.27"]
[EventType "tourn"]
[EventRounds "11"]
[EventCountry "ISL"]
[EventCategory "6"]
[SourceTitle "CBM 126 Extra"]
[Source "ChessBase"]
[SourceDate "2008.11.05"]
[SourceVersion "1"]
[SourceVersionDate "2008.11.05"]
[SourceQuality "1"]

1. e4 c5 2. Nf3 e6 3. d4 cxd4 4. Nxd4 Nc6 5. Nc3 Qc7 6. Be3 a6 7. Qd2 Nf6 8. 0-0-0 Bb4 9. f3 Ne5 10. Nb3 b5 11. Kb1 Be7 12. Qf2 d6 13. Bb6 Qb8 14. Bd4 0-0 15. g4 Nfd7 16. Rg1 b4 17. Na4 a5 18. f4 Nc6 19. g5 Ba6 20. f5 Bxf1 21. Rdxf1 g6 22. Qh4 h5 23. Qh3 Nde5 24. fxg6 Nxg6 25. Qxh5 Qb5 26. Rf3 Nxd4 27. Rh3 Rfc8 28. Nxd4 Qc4 29. Qh7+ Kf8 30. Rf3 1-0